000
00224nam a2200097Ia 4500
005
20251222114344.0
008
251222s1900||||xx |||||||||||||| ||spa||
082
_a
DVD0010/M57/1981/BR
245
0
_a
Conan el bárbaro:
942
_c
DVD
999
_c
967
_d
967